00712nam a2200181Ia 450000500170000000800460001703700120006304000210007504100130009608400220010924500940013124500480022526000540027354600550032794200220038299900210040495201050042520250508160138.0008 250505s9999 xx 000 0 eng d aTextual aFEDL bengcFEDL aeng2eng a371.27, GREqFEDL 0aExamination in art question papers, 1953 : The intermediate examination in art and crafts 0cGreat Britain. Education, (Ministry of ...) aLondon, UKbHer Majesty's Stationery Officec1953 aThe examination for the national diploma in design cTEXLh371.27, GRE c1362193d1362193 00104070aFEDLbFEDLd2025-05-08l0o371.27, GREpEL0048183r2025-05-08 16:01:38w2025-05-08yTEXL